Collided (Record no. 240673)

MARC details
000 -LEADER
fixed length control field 01262nam a22002297a 4500
005 - DATE AND TIME OF LATEST TRANSACTION
control field 20251106095136.0
008 - FIXED-LENGTH DATA ELEMENTS--GENERAL INFORMATION
fixed length control field 251106b |||||||| |||| 00| 0 eng d
020 ## - INTERNATIONAL STANDARD BOOK NUMBER
International Standard Book Number 9781398539525
040 ## - CATALOGING SOURCE
Transcribing agency AL
041 ## - LANGUAGE CODE
Language code of text/sound track or separate title eng
082 ## - DEWEY DECIMAL CLASSIFICATION NUMBER
Classification number 823.914
Item number ASHC
100 ## - MAIN ENTRY--PERSONAL NAME
Personal name Lauren Asher
100 ## - MAIN ENTRY--PERSONAL NAME
9 (RLIN) 244185
245 ## - TITLE STATEMENT
Title Collided
260 ## - PUBLICATION, DISTRIBUTION, ETC.
Place of publication, distribution, etc. London
Name of publisher, distributor, etc. Simon and Schuster
Date of publication, distribution, etc. 2024
300 ## - PHYSICAL DESCRIPTION
Extent 600p
Other physical details PB
Dimensions 20x13cm
365 ## - TRADE PRICE
Source of price type code English
Price type code 4241
Price amount ₹399.20
Currency code
Unit of pricing ₹499.00
Price note 20%
Price effective from 25-10-2025
440 ## - SERIES STATEMENT/ADDED ENTRY--TITLE
Title Dirty air series
9 (RLIN) 244186
520 ## - SUMMARY, ETC.
Summary, etc. Creating a naughty bucket list gains Liam Zander's attention, solidifying a destined-for-failure friendship.<br/>Liam is Formula 1’s golden boy.<br/>Irresistible. Unattainable. Whisperer of seductive promises.<br/>A closet nerd who reads novels and discusses movie plot holes for fun.<br/>The type of man who should come with a complimentary roll of caution tape.<br/>He wants to strike a deal. Cross off naughty bucket list items together while traveling around the world.<br/>I should say no and walk away.<br/>Instead, we make a bet.<br/>I broke my biggest rule, unwillingly adding a new item to my list while shattering my heart—and friendship—in the process.
650 ## - SUBJECT ADDED ENTRY--TOPICAL TERM
Topical term or geographic name entry element English Fiction
9 (RLIN) 244178
650 ## - SUBJECT ADDED ENTRY--TOPICAL TERM
Topical term or geographic name entry element English Novel
9 (RLIN) 244179
942 ## - ADDED ENTRY ELEMENTS (KOHA)
Source of classification or shelving scheme Dewey Decimal Classification
Koha item type Book
Holdings
Withdrawn status Lost status Source of classification or shelving scheme Damaged status Not for loan Collection code Home library Current library Shelving location Date acquired Source of acquisition Cost, normal purchase price Total Checkouts Full call number Barcode Date last seen Date last checked out Cost, replacement price Price effective from Koha item type
    Dewey Decimal Classification     English St Aloysius Library St Aloysius Library Stack Section 10/30/2025 Biblios Book Point, Surathkal, Mangalore-575014 399.20 1 823.914 ASHC 077979 01/02/2026 12/15/2025 499.00 10/25/2025 Book